000 00486cam a22002054a 4500
005 20250605164258.0
008 250528s ||||||||||||||||||||||||d
035 _a21971
020 _a9780273646600
040 _aGR-AtMCL
_bgre
_dGR-AtMCL
_eAACR2
245 1 _aPRACTICAL ACCOUNTING
250 _a1
260 _bPrentice Hall,
_c2001
300 _a883
700 1 _aBenedict Augustine
_97849
700 1 _aElliott Barry
_97848
942 _cBK
999 _c7027
_d7027